Đại địa phi ưng

Đã lưu trong:
Sonraí Bibleagrafaíochta
Príomhúdar: Cổ Long
Formáid: Leabhar
Teanga:Undetermined
Foilsithe: Hà Nội Hội Nhà văn 2004
Ábhair:
Clibeanna: Cuir Clib Leis
Gan Chlibeanna, Bí ar an gcéad duine leis an taifead seo a chlibeáil!
Thư viện lưu trữ: Trung tâm Học liệu Trường Đại học Cần Thơ
LEADER 00494nam a2200193Ia 4500
001 CTU_64621
008 210402s9999 xx 000 0 und d
020 |b 22000 
082 |a 895.13 
082 |b C450/T.4 
100 |a Cổ Long 
245 0 |a Đại địa phi ưng 
245 0 |c Cổ Long 
260 |a Hà Nội 
260 |b Hội Nhà văn 
260 |c 2004 
650 |a Chinese fiction 
904 |i Tuyến 
980 |a Trung tâm Học liệu Trường Đại học Cần Thơ